<?xml version="1.0" encoding="UTF-8"?>
<record
    xmlns:xsi="http://www.w3.org/2001/XMLSchema-instance"
    xsi:schemaLocation="http://www.loc.gov/MARC21/slim http://www.loc.gov/standards/marcxml/schema/MARC21slim.xsd"
    xmlns="http://www.loc.gov/MARC21/slim">

  <leader>01521nam a22002777a 4500</leader>
  <controlfield tag="008">191219s2018    ck  |||jr ||| 00| fdspa d</controlfield>
  <datafield tag="020" ind1=" " ind2=" ">
    <subfield code="a">9789584266187</subfield>
  </datafield>
  <datafield tag="040" ind1=" " ind2=" ">
    <subfield code="a">CO-JMCR</subfield>
    <subfield code="c">CO-JMCR</subfield>
  </datafield>
  <datafield tag="041" ind1="1" ind2=" ">
    <subfield code="a">spa</subfield>
    <subfield code="h">eng</subfield>
  </datafield>
  <datafield tag="082" ind1="0" ind2="4">
    <subfield code="a">A-N</subfield>
    <subfield code="b">LACs</subfield>
    <subfield code="2">21 </subfield>
  </datafield>
  <datafield tag="100" ind1="1" ind2=" ">
    <subfield code="a">LaCour, Nina, </subfield>
    <subfield code="9">13</subfield>
    <subfield code="d">autora</subfield>
  </datafield>
  <datafield tag="245" ind1="1" ind2="0">
    <subfield code="a">Solo t&#xFA; me conoces / </subfield>
    <subfield code="c">Nina LaCour y David Levithan ; traductora, Zuleima Couso</subfield>
  </datafield>
  <datafield tag="250" ind1=" " ind2=" ">
    <subfield code="a">Primera edici&#xF3;n                                                                                                                                                                   </subfield>
  </datafield>
  <datafield tag="260" ind1=" " ind2=" ">
    <subfield code="a">Bogot&#xE1; : </subfield>
    <subfield code="b">Cross Books, </subfield>
    <subfield code="c">2018</subfield>
  </datafield>
  <datafield tag="300" ind1=" " ind2=" ">
    <subfield code="a">270 p&#xE1;ginas ; </subfield>
    <subfield code="c">22 cm.</subfield>
  </datafield>
  <datafield tag="500" ind1=" " ind2=" ">
    <subfield code="a">Incluye datos biogr&#xE1;ficos de los autores en la solapa</subfield>
  </datafield>
  <datafield tag="500" ind1=" " ind2=" ">
    <subfield code="a">"Cuando la amistad es a primera vista"--tapa</subfield>
  </datafield>
  <datafield tag="520" ind1="3" ind2=" ">
    <subfield code="a">Kate y Mark son compa&#xF1;eros de clase pero nunca se hab&#xED;an dirigido la palabra. Hasta que coinciden de manera imprevista en una noche decisiva: en el momento en que Mark descubre que su querido Ryan no le corresponde como a &#xE9;l le gustar&#xED;a y Kate sale huyendo de la cita con la chica de sus sue&#xF1;os. Compartiendo sus dilemas sentimentales, la fuerza de la amistad los unir&#xE1; y acabar&#xE1;n conoci&#xE9;ndose como nadie... porque un amigo puede ser el gran amor de tu vida.</subfield>
  </datafield>
  <datafield tag="546" ind1=" " ind2=" ">
    <subfield code="a">Traducido del ingl&#xE9;s</subfield>
  </datafield>
  <datafield tag="650" ind1="1" ind2="4">
    <subfield code="9">14</subfield>
  </datafield>
  <datafield tag="650" ind1="2" ind2="4">
    <subfield code="9">15</subfield>
  </datafield>
  <datafield tag="650" ind1="2" ind2="4">
    <subfield code="9">16</subfield>
  </datafield>
  <datafield tag="700" ind1="1" ind2=" ">
    <subfield code="a">Levithan, David</subfield>
    <subfield code="9">17</subfield>
  </datafield>
  <datafield tag="700" ind1="1" ind2=" ">
    <subfield code="a">Couso, Zuleima</subfield>
    <subfield code="9">18</subfield>
  </datafield>
  <datafield tag="999" ind1=" " ind2=" ">
    <subfield code="c">6393</subfield>
    <subfield code="d">6393</subfield>
  </datafield>
  <datafield tag="952" ind1=" " ind2=" ">
    <subfield code="0">0</subfield>
    <subfield code="1">0</subfield>
    <subfield code="2">ddc</subfield>
    <subfield code="4">0</subfield>
    <subfield code="7">0</subfield>
    <subfield code="a">CPL</subfield>
    <subfield code="b">CPL</subfield>
    <subfield code="d">2019-12-19</subfield>
    <subfield code="e">Donaci&#xF3;n</subfield>
    <subfield code="l">13</subfield>
    <subfield code="m">5</subfield>
    <subfield code="o">A-N LACs</subfield>
    <subfield code="p">201811781</subfield>
    <subfield code="r">2026-03-03 08:52:00</subfield>
    <subfield code="s">2026-03-03</subfield>
    <subfield code="t">Ej.1</subfield>
    <subfield code="w">2019-12-19</subfield>
    <subfield code="y">BK</subfield>
  </datafield>
</record>
